|
|
|
|
| LEADER |
01053nam a2200277Ia 4500 |
| 001 |
9780203222393 |
| 003 |
FlBoTFG |
| 005 |
20080124103555.0 |
| 006 |
a|||||s||||||||||| |
| 007 |
cr|||| |
| 008 |
080124s1989 enka 001 0 eng d |
| 020 |
|
|
|a 9780203222393 (e-book : PDF)
|
| 040 |
|
|
|a FlBoTFG
|c FlBoTFG
|d GrThAP
|
| 043 |
|
|
|a e-uk---
|
| 090 |
|
|
|a KD2435
|b .C66 1989
|
| 100 |
1 |
|
|a Coombes Davies, M.
|q (Mair),
|d 1956-
|
| 245 |
1 |
0 |
|a Avoiding claims :
|b a practical guide for the construction industry /
|c M. Coombes Davies.
|
| 260 |
|
|
|a London :
|b E. & F.N. Spon,
|c 1989.
|
| 300 |
|
|
|a viii, 248 p. :
|b ill. ;
|c 19 x 25 cm.
|
| 500 |
|
|
|a Includes index.
|
| 530 |
|
|
|a Also available in print edition.
|
| 533 |
|
|
|a Electronic reproduction.
|b [London, Eng. :
|b Taylor and Francis,
|d 2010].
|n PDF file created from digital scan of print book.
|
| 650 |
|
0 |
|a Construction industry
|x Law and legislation
|z Great Britain.
|
| 655 |
|
7 |
|a Electronic books.
|2 lcsh
|
| 776 |
1 |
|
|z 0419146202
|
| 856 |
4 |
0 |
|u http://www.tandfebooks.com/isbn/9780203222393
|z Full Text via HEAL-Link
|